Judicial activism and human rights of women and children / (Record no. 104842)

MARC details
000 -LEADER
fixed length control field 00690nam a22002057a 4500
005 - DATE AND TIME OF LATEST TRANSACTION
control field 20161130103334.0
010 ## - LCCN (DPL NO)
LC control number ENG-116705
020 ## - INTERNATIONAL STANDARD BOOK NUMBER
International Standard Book Number 9788184845310
Terms of availability 1350.00
035 ## - SYSTEM CONTROL NUMBER
System control number EN-100237
037 ## - SOURCE OF ACQUISITION
Source of stock number/acquisition DBAD/PUB
082 ## - DEWEY DECIMAL CLASSIFICATION NUMBER
Classification number 347.54035
100 ## - MAIN ENTRY--PERSONAL NAME
Personal name Seyon, R
245 ## - TITLE STATEMENT
Title Judicial activism and human rights of women and children /
Statement of responsibility, etc by R.Seyon ; foreword by Justice K.G.Balakrishnan
260 ## - PUBLICATION, DISTRIBUTION, ETC. (IMPRINT)
Place of publication, distribution, etc New Delhi
Name of publisher, distributor, etc Regal Publications
Date of publication, distribution, etc 2016
270 ## - ADDRESS
Address F-159, Rajouri Garden
City New Delhi
Postal code 110027
300 ## - PHYSICAL DESCRIPTION
Extent xxxiii,294p.
Dimensions 23cm(Hb)
500 ## - GENERAL NOTE
General note Includes bibliographical references and index
700 ## - ADDED ENTRY--PERSONAL NAME
Personal name Balakrishnan, K.G.
942 ## - ADDED ENTRY ELEMENTS (KOHA)
Source of classification or shelving scheme Dewey Decimal Classification
Item type English Books
Classification part 347.54035
Call number suffix SEY
Holdings
Withdrawn status Lost status Not for loan Collection code Home library Current library Date acquired Source of acquisition Cost, normal purchase price Full call number Barcode Copy number Cost, replacement price Koha item type
    Not For Loan Non-fiction D.B.Act.Division Bawana 29/11/2016 DBAD/PUB 1350.00 347.54035 SEY EN-100237 1 1350.00 English Books

© Delhi Public Library
Hit Counter
free hit counter